Principles of quantum chemistry
Պահպանված է:
| Հիմնական հեղինակ: | |
|---|---|
| Ձևաչափ: | Գիրք |
| Լեզու: | անգլերեն |
| Հրապարակվել է: |
Nueva York
Pergamon Press
1972
|
| Խորագրեր: | |
| Ցուցիչներ: |
Ավելացրեք ցուցիչ
Չկան պիտակներ, Եղեք առաջինը, ով նշում է այս գրառումը!
|
MARC
| LEADER | 00000nam a2200000 a 4500 | ||
|---|---|---|---|
| 001 | UCY9869 | ||
| 003 | CL-VaPUC | ||
| 008 | 950720e19720000US |||||||||||||||||eng|d | ||
| 082 | 0 | 4 | |a 541.28 |b GEO |2 21 |
| 100 | 0 | |a George, David V |e author |9 342413 | |
| 245 | 1 | 0 | |a Principles of quantum chemistry |
| 300 | |a 271 p | ||
| 942 | |c BK | ||
| 945 | |d 19950720 00:00:00 |a awong | ||
| 260 | |a Nueva York |b Pergamon Press |c 1972 | ||
| 650 | 7 | |a QUIMICA CUANTICA |2 CL-VaPUC |9 342414 | |
| 650 | 0 | |a Matemática |9 260235 | |
| 583 | |a last modification |c 19950720 00:00:00 |k Rodrigo Vera | ||
| 999 | |c 236876 |d 236874 | ||